01695nam a2200457 a 4500001001000000003000900010005001700019007001000036008004100046040002200087082001800109110002800127245008400155260005200239300002700291440004300318504005600361504003000417650002500447650002900472650003100501650002500532650002700557700003400584700004000618700003600658700003600694700002600730700003000756910003700786930002400823942001200847945003400859952011500893952012101008956001801129956001801147956001801165956003901183999001501222000004646DO-SdBNP20180326154341.0000004646090724s1997 dr a 001 0 spa d aBPMSUbspacBPMSU 4a361.80bC379t2 aCentro Cultural Poveda.10aTalleres de animación sociocultural /cMonserrat Bobés í Solá...[et.al] aSanto Domingo :bCentro Cultural Poveda,c1997. a69 p. :bil. ;c27 cm. 0aCuadernos de Sociedad y Educaciónn7 aIncluye bibliografía y notas al pie de páginas. aBibliografía: p. 66-69. 4aANIMACIÓN CULTURAL 4aPARTICIPACIÓN CULTURAL 4aDESARROLLO DE LA COMUNIDAD 4aDINÁMICA DE GRUPOS 4aPARTICIPACIÓN SOCIAL1 aBobés í Solá, Monserrat1 aCachofeiro Ramos, María del Pilar1 aFrutos Dachs, María Isabel de1 aEdo í Ximénes, María Neus1 aKlein Bosquet, Oliver1 aPastó í Serra, Blanca aValidado. Control de calidad EMS 1l m h 8 f p g  2ddccBK aRemanejado para la BNPHU / VM 00102ddc4070aBPMETbBPMETd2015-10-22l0o361.80 C379tpBPMSU15100159r2015-10-22w2015-10-22yBK 00102ddc4070aBPMETbBPMETd2015-10-22l0o361.80 C379tpBPMSU15100158r2015-10-22te. 2w2015-10-22yBK a b c l h  a b c l h  a b c l h  aVMATEOb10c20150428lBPMSUh00151 c7743d7743